| 000 | 01249cam a22002894a 4500 | ||
|---|---|---|---|
| 001 | 16161255 | ||
| 003 | OSt | ||
| 005 | 20210303125336.0 | ||
| 008 | 100301s2002 ck b 001 0 spa | ||
| 010 | _a 2010385704 | ||
| 020 | _z9692990 | ||
| 035 | _a(BoCbLA)la1003X4546 | ||
| 035 | _a(BO-CbLA)la1003X4546 | ||
| 040 |
_aDLC _cCO-JMCR |
||
| 041 | 0 | _aspa | |
| 082 | 0 | 4 |
_a323.026 / _bN124i _223 |
| 110 | 2 |
_aNaciones Unidas _bAlto Comisionado de las Naciones Unidas para los Derechos Humanos _914301 |
|
| 245 | 1 | 0 |
_aInterpretación de las normas internacionales sobre derechos humanos : _bobservaciones y recomendaciones generales de los órganos de vigilancia de los tratados internacionales de derechos humanos de las Naciones Unidas. _cAlto Comisionado de las Naciones Unidas para los Derechos Humanos |
| 250 | _aPrimera edición | ||
| 260 |
_aBogotá : _bOficina en Colombia, Alto Comisionado de las Naciones Unidas para los Derechos Humanos, _c2002. |
||
| 300 |
_a513 páginas ; _c23 cm. |
||
| 500 | _aIncluye notas a pie de pagina. | ||
| 505 | 0 | _aComité de derechos humanos -- Comité para eliminación de la discriminación racial | |
| 650 | 1 | 4 |
_aDerechos humanos _914302 |
| 650 | 2 | 4 |
_aDerechos civiles _914303 |
| 942 |
_2ddc _cBK |
||
| 999 |
_c7424 _d7424 |
||